Detalles MARC
| 000 -CABECERA |
| campo de control de longitud fija |
01210nam a22003017a 4500 |
| 003 - IDENTIFICADOR DEL NÚMERO DE CONTROL |
| campo de control |
DO-SdBNP |
| 005 - FECHA Y HORA DE LA ÚLTIMA TRANSACCIÓN |
| campo de control |
20220429113321.0 |
| 007 - CAMPO FIJO DE DESCRIPCIÓN FÍSICA--INFORMACIÓN GENERAL |
| campo de control de longitud fija |
ta |
| 008 - DATOS DE LONGITUD FIJA--INFORMACIÓN GENERAL |
| campo de control de longitud fija |
220427b2021 |||a|||| |||| 001 0 spa d |
| 020 ## - NÚMERO INTERNACIONAL ESTÁNDAR DEL LIBRO |
| Número Internacional Estándar del Libro |
9789945221480 |
| 040 ## - FUENTE DE LA CATALOGACIÓN |
| Centro catalogador/agencia de origen |
DO-SdBNP |
| Lengua de catalogación |
spa |
| Centro/agencia transcriptor |
BNPHU |
| 082 #1 - NÚMERO DE LA CLASIFICACIÓN DECIMAL DEWEY |
| Número de edición |
22 |
| Número de clasificación |
460.7 |
| Número de documento/Ítem |
A347m |
| 100 #1 - ENTRADA PRINCIPAL--NOMBRE DE PERSONA |
| 9 (RLIN) |
37636 |
| Nombre de persona |
Alcántara Crisóstomo, Emeterio |
| 245 10 - MENCIÓN DE TÍTULO |
| Título |
Manual práctico de redacción : |
| Resto del título |
temas que todo bachiller debe dominar / |
| Mención de responsabilidad, etc. |
Emeterio Alcántara Crisóstomo ; fotofrafias de Envato Elements |
| 260 ## - PUBLICACIÓN, DISTRIBUCIÓN, ETC. |
| Lugar de publicación, distribución, etc. |
Santo Domingo : |
| Nombre del editor, distribuidor, etc. |
Escuela de Expresión Escrita Prof. Emeterio Alcántara, |
| Fecha de publicación, distribución, etc. |
2021. |
| 300 ## - DESCRIPCIÓN FÍSICA |
| Extensión |
100 p. : |
| Otras características físicas |
il.; fot. |
| Dimensiones |
27 cm |
| 490 ## - MENCIÓN DE SERIE |
| Mención de serie |
Para escribir bien |
| 504 ## - NOTA DE BIBLIOGRAFÍA, ETC. |
| Nota de bibliografía, etc. |
Bibliografía : p.100. |
| 505 00 - NOTA DE CONTENIDO CON FORMATO |
| Nota de contenido con formato |
Presentación -- |
| 505 #0 - NOTA DE CONTENIDO CON FORMATO |
| Nota de contenido con formato |
1. La relación |
| Información miscelánea |
1.1 Concepto -- |
| -- |
1.2 Características de una buena redacción -- |
| 505 #0 - NOTA DE CONTENIDO CON FORMATO |
| Título |
2. Categorías gramaticales -- |
| Nota de contenido con formato |
2. Categorías gramaticales -- |
| Información miscelánea |
2.1. Categorías gramaticales -- |
| -- |
2.2. El adverbio -- |
| 505 00 - NOTA DE CONTENIDO CON FORMATO |
| Nota de contenido con formato |
El anunciado |
| 650 #4 - PUNTO DE ACCESO ADICIONAL DE MATERIA--TÉRMINO DE MATERIA |
| Término de materia o nombre geográfico como elemento de entrada |
Redacción de escritos técnicos |
| 650 #4 - PUNTO DE ACCESO ADICIONAL DE MATERIA--TÉRMINO DE MATERIA |
| Término de materia o nombre geográfico como elemento de entrada |
Redacción informativa e interpletativa |
| 9 (RLIN) |
81529 |
| 700 #1 - PUNTO DE ACCESO ADICIONAL--NOMBRE DE PERSONA |
| Nombre de persona |
Envato,Elements |
| Término indicativo de función/relación |
Fots. |
| 9 (RLIN) |
81530 |
| 910 ## - DATOS DE OPCIÓN DEL USUARIO (OCLC) |
| Datos de opción del usuario |
Saquino |
| 942 ## - ELEMENTOS DE PUNTO DE ACCESO ADICIONAL (KOHA) |
| Fuente del sistema de clasificación o colocación |
Dewey Decimal Classification |
| Tipo de ítem Koha |
Libro |